[Event "Noteboom Mem A"]
[Site "Leiden NED"]
[Date "2008.02.02"]
[Round "4"]
[White "Plukkel,S"]
[Black "Schroer,M"]
[Result "1-0"]
[WhiteElo "2196"]
[BlackElo "2103"]
[EventDate "2008.02.01"]

1. e4 e5 2. Nf3 Nc6 3. d4 exd4 4. Nxd4 Nf6 5. Nxc6 bxc6 6. e5 Qe7 7. Qe2
Nd5 8. c4 Nb6 9. Nd2 Qe6 10. g3 g6 11. Bg2 Bg7 12. O-O O-O 13. Re1 Re8 14.
c5 Na4 15. Ne4 d5 16. cxd6 Nb6 17. Nc5 Qxe5 18. Qxe5 Rxe5 19. Rxe5 Bxe5 20.
Bxc6 cxd6 21. Bxa8 dxc5 22. Be4 Nc4 23. Rb1 a5 24. b3 Nd6 25. Bd3 Nf5 26.
Bd2 Nd4 27. Bxa5 Nf3+ 28. Kf1 Nxh2+ 29. Kg2 Ng4 30. Be2 h5 31. Bxg4 hxg4
32. Rc1 Bb7+ 33. Kg1 Bd4 34. Bb6 1-0

[Event "Noteboom Mem A"]
[Site "Leiden NED"]
[Date "2008.02.02"]
[Round "4"]
[White "Coene,I"]
[Black "Van Kooten,L"]
[Result "1/2-1/2"]
[WhiteElo "2104"]
[BlackElo "2250"]
[EventDate "2008.02.01"]

1. d4 Nf6 2. c4 g6 3. Nf3 Bg7 4. g3 O-O 5. Bg2 d5 6. O-O dxc4 7. Na3 c3 8.
bxc3 c5 9. Rb1 Nc6 10. e3 Rb8 11. Nc4 Be6 12. Nfe5 Nxe5 13. Nxe5 Bd5 14.
Ba3 Bxg2 15. Kxg2 cxd4 16. exd4 Ne4 17. Qd3 Nd6 18. Rfe1 Qc7 19. Qf3 a6 20.
h4 h5 21. Bc5 b6 22. Bb4 a5 23. Ba3 Bxe5 24. dxe5 Nc4 25. Bc1 Nxe5 26. Qe4
Ng4 27. Bf4 e5 28. Bg5 Qc5 29. Qe2 f6 30. Bd2 Rfd8 31. f3 Qf2+ 32. Qxf2
Nxf2 33. Be3 Nd3 34. Red1 b5 35. Rd2 f5 36. Rbd1 e4 37. fxe4 fxe4 38. Re2
Rbc8 39. Rb1 Rd5 40. Bd4 b4 41. Rxe4 bxc3 42. Rb7 Rxd4 43. Rxd4 Ne5 44. Rb1
c2 45. Rc1 Rc3 46. Kf2 Nd3+ 47. Rxd3 Rxd3 48. Rxc2 Ra3 49. Re2 Kf7 50. Kg2
Kf6 51. Kh3 Kf5 52. Kg2 Ra4 53. Rc2 Kg4 54. Rf2 g5 1/2-1/2

[Event "Noteboom Mem A"]
[Site "Leiden NED"]
[Date "2008.02.03"]
[Round "5"]
[White "Heemskerk,W"]
[Black "Nijboer,F"]
[Result "0-1"]
[WhiteElo "2241"]
[BlackElo "2578"]
[EventDate "2008.02.01"]

1. Nf3 g6 2. c4 Nf6 3. g3 Bg7 4. Bg2 O-O 5. O-O d6 6. Nc3 Nc6 7. d3 e5 8.
Rb1 h6 9. b4 Be6 10. b5 Ne7 11. a4 Qd7 12. Qb3 Bh3 13. Nd5 Nfxd5 14. cxd5
Bxg2 15. Kxg2 f5 16. Bb2 Rf7 17. Qc4 g5 18. Rbc1 Ng6 19. Rc2 g4 20. Nd2 h5
21. a5 Bh6 22. a6 b6 23. Qc6 Qd8 24. Bc1 Rb8 25. Qc4 Qd7 26. Nb1 f4 27. Kg1
Rbf8 28. Nd2 h4 29. Ne4 Qf5 30. Qc6 Qh5 31. Qb7 hxg3 32. fxg3 fxg3 33. Nxg3
Rxf1+ 34. Nxf1 Qh3 0-1

[Event "Noteboom Mem A"]
[Site "Leiden NED"]
[Date "2008.02.03"]
[Round "5"]
[White "Lahaye,R"]
[Black "Burg,T"]
[Result "1/2-1/2"]
[WhiteElo "2377"]
[BlackElo "2262"]
[EventDate "2008.02.01"]

1. Nf3 d6 2. d4 Nf6 3. g3 g6 4. Bg2 Bg7 5. O-O O-O 6. c4 Nbd7 7. Nc3 e5 8.
Bg5 exd4 9. Nxd4 h6 10. Bxf6 Nxf6 11. e3 Rb8 12. Qa4 a6 13. Rfd1 c5 14.
Nde2 b5 15. cxb5 axb5 16. Nxb5 Bd7 17. Nec3 Qe8 18. Bf1 Ng4 19. Qa6 Bxc3
20. Nxd6 Qe6 21. bxc3 Nxf2 22. Kxf2 Rb2+ 23. Be2 Qh3 24. Rg1 Bg4 25. Rae1
Rd8 26. Rg2 Rd2 27. Kg1 R8xd6 28. Qc4 Be6 29. Qxc5 R6d5 30. Qb4 Rxa2 31.
Bf1 Raa5 32. e4 Rdc5 33. Rd2 Qh5 34. Rd8+ 1/2-1/2

[Event "Noteboom Mem A"]
[Site "Leiden NED"]
[Date "2008.02.03"]
[Round "5"]
[White "Van der Wiel,J"]
[Black "Plukkel,S"]
[Result "1-0"]
[WhiteElo "2490"]
[BlackElo "2196"]
[EventDate "2008.02.01"]

1. e4 c5 2. Nf3 d6 3. d4 cxd4 4. Nxd4 Nf6 5. Nc3 Nc6 6. Be2 e5 7. Nf3 h6 8.
O-O Be7 9. Re1 O-O 10. h3 Be6 11. Bf1 Rc8 12. Nd5 Na5 13. Nxe7+ Qxe7 14. b3
Qc7 15. c4 Qc6 16. Qe2 b6 17. Ba3 Nb7 18. Rad1 Nc5 19. Nd2 Qd7 20. Qe3 Nh5
21. Nb1 Nf4 22. Nc3 Qe7 23. Rd2 Rc6 24. Kh2 f5 25. g3 fxe4 26. Bxc5 Rxc5
27. Nxe4 Rc7 28. gxf4 Rxf4 29. Nxd6 Qh4 30. Qg3 Qh5 31. Be2 Rxf2+ 32. Qxf2
Qxh3+ 33. Kg1 Rc5 34. Rd3 1-0

[Event "Noteboom Mem A"]
[Site "Leiden NED"]
[Date "2008.02.03"]
[Round "5"]
[White "Dgebuadze,A"]
[Black "Wantola,I"]
[Result "1-0"]
[WhiteElo "2512"]
[BlackElo "2229"]
[EventDate "2008.02.01"]

1. e4 c5 2. Nf3 d6 3. d4 cxd4 4. Qxd4 a6 5. c4 Nc6 6. Qd2 Nf6 7. Nc3 g6 8.
b3 Bg7 9. Bb2 O-O 10. Rb1 Ng4 11. Be2 f5 12. O-O Nge5 13. exf5 Bxf5 14.
Rbd1 Rb8 15. Ba1 Nxf3+ 16. Bxf3 Nd4 17. Be4 Qa5 18. Bxf5 Rxf5 19. Nd5 Qxd2
20. Nxe7+ Kf7 21. Rxd2 Kxe7 22. Bxd4 Bxd4 23. Rxd4 Rbf8 24. f4 R8f6 25.
Re1+ Re6 26. Rxe6+ Kxe6 27. g4 Ra5 28. a4 b5 29. f5+ gxf5 30. gxf5+ Kxf5
31. Rd5+ Ke4 32. Kg2 bxa4 33. Rxa5 axb3 1-0

[Event "Noteboom Mem A"]
[Site "Leiden NED"]
[Date "2008.02.03"]
[Round "5"]
[White "Van den Doel,E"]
[Black "Coene,I"]
[Result "1-0"]
[WhiteElo "2593"]
[BlackElo "2104"]
[EventDate "2008.02.01"]

1. e4 e5 2. Nf3 Nc6 3. Bb5 a6 4. Ba4 Nf6 5. Qe2 b5 6. Bb3 Be7 7. c3 O-O 8.
O-O d6 9. Rd1 Bg4 10. h3 Bh5 11. d3 Re8 12. Nbd2 d5 13. Nf1 a5 14. a4 b4
15. exd5 Bxf3 16. Qxf3 Rb8 17. dxc6 bxc3 18. Bxf7+ Kxf7 19. bxc3 Qd5 20.
Nd2 Rb6 21. Nc4 Rb3 22. Qxd5+ Nxd5 23. Nxe5+ Ke6 24. Re1 Rxc3 25. Bd2 Rc2
26. Bxa5 Ra8 27. Ng6+ Kd6 28. Nxe7 Rxa5 29. Nf5+ Kc5 30. Re5 1-0

[Event "Noteboom Mem A"]
[Site "Leiden NED"]
[Date "2008.02.03"]
[Round "5"]
[White "Soors,S"]
[Black "Pruijssers,R"]
[Result "0-1"]
[WhiteElo "2146"]
[BlackElo "2420"]
[EventDate "2008.02.01"]

1. d4 Nf6 2. c4 g6 3. Nc3 Bg7 4. e4 d6 5. f3 O-O 6. Be3 e5 7. d5 Nh5 8. Qd2
f5 9. exf5 gxf5 10. O-O-O Na6 11. Bd3 Nc5 12. Bc2 Qh4 13. g4 Nf4 14. Nb5
Rf7 15. gxf5 a6 16. Nd4 exd4 17. Bxf4 d3 18. Bb1 Bxf5 0-1

[Event "Noteboom Mem A"]
[Site "Leiden NED"]
[Date "2008.02.03"]
[Round "5"]
[White "Van Kampen,R"]
[Black "Sparreboom,W"]
[Result "1-0"]
[WhiteElo "2243"]
[BlackElo "1980"]
[EventDate "2008.02.01"]

1. e4 e6 2. d4 d5 3. Nc3 Nf6 4. Bg5 dxe4 5. Nxe4 Be7 6. Bxf6 gxf6 7. Nf3 a6
8. Bd3 Nd7 9. Qd2 f5 10. Ng3 h5 11. O-O-O h4 12. Ne2 h3 13. gxh3 b5 14. d5
Nc5 15. Nf4 Qd6 16. Qe3 Qb6 17. Rhe1 Nxd3+ 18. Qxd3 Bd6 19. Qxf5 Bxf4+ 20.
Qxf4 Rh5 21. Ng5 1-0

[Event "Noteboom Mem A"]
[Site "Leiden NED"]
[Date "2008.02.03"]
[Round "6"]
[White "Pruijssers,R"]
[Black "Van der Wiel,J"]
[Result "0-1"]
[WhiteElo "2420"]
[BlackElo "2490"]
[EventDate "2008.02.01"]

1. e4 c5 2. Nf3 d6 3. d4 Nf6 4. Nc3 cxd4 5. Nxd4 Nc6 6. Bg5 e6 7. Qd2 a6 8.
O-O-O Bd7 9. f3 b5 10. Kb1 h6 11. Be3 Ne5 12. Bd3 Qc7 13. g4 b4 14. Nce2 d5
15. exd5 Nxd5 16. Nf4 Nxe3 17. Qxe3 Bc5 18. Qe4 Rd8 19. Rhe1 Bxd4 20. Qxd4
Nxf3 21. Nxe6 Nxd4 22. Nxc7+ Kf8 23. Bxa6 Bc6 24. Bc4 g5 25. Bd5 Bxd5 26.
Nxd5 Nf3 27. Nxb4 Kg7 28. Rxd8 Rxd8 29. Rc1 Nxh2 30. c4 Nxg4 31. c5 Nf6 32.
Na6 Ra8 33. c6 Rxa6 34. c7 Ra8 35. c8=Q Rxc8 36. Rxc8 h5 37. a4 g4 38. a5
g3 39. a6 Nd5 40. a7 Nb6 41. Rc3 h4 42. Rc4 f5 43. Rc7+ Kf8 44. Rc6 g2 45.
Rxb6 g1=Q+ 46. Ka2 Qxb6 47. a8=Q+ Kg7 48. Qg2+ Kf6 49. Qd2 Qa6+ 50. Kb1
Qf1+ 51. Ka2 Kg6 52. Qd8 Qc4+ 53. Ka1 Qa4+ 54. Kb1 Qe4+ 55. Ka1 Kh5 56.
Qh8+ Kg4 57. Qg7+ Kf3 58. Qg1 h3 59. Ka2 Qe2 60. Qg5 Qe6+ 61. Ka1 f4 62.
Qg1 Qa6+ 63. Kb1 Qe2 64. Qg5 Qg2 65. Qd5+ Ke3 66. Qc5+ Kd3 67. Qd6+ Ke2 68.
Qe5+ Kf3 69. Qd5+ Kg4 70. Qg8+ Kh4 71. Qd8+ Qg5 72. Qd2 Qf5+ 73. Ka1 f3 74.
Qd4+ Kh5 75. Qh8+ Kg4 76. Qd4+ Qf4 77. Qg1+ Kh5 78. Qc5+ Qg5 79. Qf2 Qg2
80. Qc5+ Kg4 81. Qc8+ Kg3 82. Qc7+ Kf2 83. Qc3 Kf1 84. Qc1+ Ke2 85. Qc2+
Ke3 86. Qc3+ Kf2 87. Qc5+ Kg3 88. Qe5+ Kh4 89. Qh8+ Kg3 90. Qe5+ Kf2 91.
Qc5+ Ke2 92. Qc4+ Kd2 93. Qd4+ Ke1 94. Qe3+ Qe2 95. Qg1+ Qf1 96. Qe3+ Kd1
97. Ka2 Qc4+ 98. Kb1 Qc2+ 99. Ka2 f2 100. Qxh3 Qc4+ 101. b3 f1=Q 102. Qd7+
Qcd3 103. Qb7 Qa6+ 104. Qxa6 Qxa6+ 105. Kb2 Kd2 106. Kb1 Kc3 107. b4 Qa3
108. b5 Qb2+ 0-1

[Event "Noteboom Mem A"]
[Site "Leiden NED"]
[Date "2008.02.03"]
[Round "6"]
[White "Van Dongen,C1"]
[Black "Li Shilong"]
[Result "0-1"]
[WhiteElo "2315"]
[BlackElo "2502"]
[EventDate "2008.02.01"]

1. c4 Nf6 2. g3 g6 3. Bg2 Bg7 4. Nc3 O-O 5. d3 d6 6. e4 e5 7. Nge2 Be6 8.
O-O Qd7 9. f3 c6 10. f4 Na6 11. b3 Bg4 12. Bb2 Nh5 13. Qd2 f5 14. h3 Bxe2
15. Nxe2 exf4 16. Bxg7 Qxg7 17. gxf4 Rae8 18. b4 Nc7 19. Rae1 Ne6 20. Rf2
Kh8 21. Ref1 Nd4 22. Nc3 Re7 23. Kh2 Ref7 24. c5 dxc5 25. bxc5 fxe4 26.
Nxe4 Rxf4 27. Rxf4 Qe5 28. Ng3 Nxf4 29. Qe1 Qxc5 30. Rxf4 0-1

[Event "Noteboom Mem A"]
[Site "Leiden NED"]
[Date "2008.02.03"]
[Round "6"]
[White "Hortensius,N"]
[Black "Roobol,M"]
[Result "0-1"]
[WhiteElo "1965"]
[BlackElo "2288"]
[EventDate "2008.02.01"]

1. e4 g6 2. d4 Bg7 3. Be3 d6 4. Nc3 a6 5. Qd2 b5 6. O-O-O Bb7 7. f3 Nd7 8.
h4 h5 9. Nh3 Rc8 10. Ng5 c5 11. dxc5 Nxc5 12. Bd4 Nf6 13. Qe3 Ncd7 14. e5
dxe5 15. Bxe5 O-O 16. Nge4 Qa5 17. Nxf6+ Nxf6 18. Bd4 b4 19. Qxe7 bxc3 20.
Qxb7 Qxa2 21. Bxc3 Bh6+ 0-1

[Event "Noteboom Mem A"]
[Site "Leiden NED"]
[Date "2008.02.03"]
[Round "6"]
[White "Van Beek,Al"]
[Black "Nicholson,JG"]
[Result "1-0"]
[WhiteElo "2334"]
[BlackElo "2191"]
[EventDate "2008.02.01"]

1. e4 g6 2. d4 Bg7 3. Nc3 d6 4. f4 a6 5. Nf3 b5 6. Bd3 Bb7 7. O-O Nd7 8. e5
e6 9. Ng5 Ne7 10. f5 gxf5 11. Qh5 Ng6 12. Bxf5 exf5 13. Rxf5 Ndxe5 14. dxe5
dxe5 15. Be3 1-0

[Event "Noteboom Mem A"]
[Site "Leiden NED"]
[Date "2008.02.03"]
[Round "6"]
[White "Kuipers,S"]
[Black "Van Kampen,R"]
[Result "1/2-1/2"]
[WhiteElo "2302"]
[BlackElo "2243"]
[EventDate "2008.02.01"]

1. d4 d5 2. c4 c6 3. Nf3 Nf6 4. Nc3 dxc4 5. a4 Bf5 6. e3 e6 7. Bxc4 Bb4 8.
O-O O-O 9. Qe2 Bg6 10. Rd1 Nbd7 11. Bd2 Qe7 12. Rac1 Rad8 13. Qe1 e5 14.
Ne4 Bxd2 15. Nxf6+ Qxf6 16. Qxd2 Bh5 17. Be2 Bxf3 18. Bxf3 1/2-1/2

[Event "Noteboom Mem A"]
[Site "Leiden NED"]
[Date "2008.02.03"]
[Round "6"]
[White "Miedema,R"]
[Black "Van Kooten,L"]
[Result "1-0"]
[WhiteElo "2287"]
[BlackElo "2250"]
[EventDate "2008.02.01"]

1. d4 Nf6 2. c4 e6 3. Nc3 c5 4. d5 exd5 5. cxd5 d6 6. e4 g6 7. Nf3 a6 8. a4
Bg4 9. Qb3 Bxf3 10. Qxb7 Nbd7 11. gxf3 Bg7 12. Qc6 O-O 13. Qxd6 Nh5 14. f4
Re8 15. Bg2 Bf8 16. Qc6 Rc8 17. Qxa6 c4 18. O-O Qh4 19. Ne2 Nc5 20. Qxc4
Nxe4 21. Qd3 f5 22. Qh3 Qd8 23. Nc3 Nxc3 24. bxc3 Bg7 25. Bd2 Bxc3 26. Qd3
Bxd2 27. Qxd2 Qd6 28. Rfc1 Nxf4 29. Rxc8 Rxc8 30. Bf3 Rc4 31. a5 Nh3+ 32.
Kg2 Rh4 33. a6 Nxf2 34. a7 Rxh2+ 35. Kf1 Ne4 36. a8=Q+ Kg7 37. Ra7+ 1-0

[Event "Noteboom Mem A"]
[Site "Leiden NED"]
[Date "2008.02.03"]
[Round "6"]
[White "Wantola,I"]
[Black "Van der Elburg,F"]
[Result "1-0"]
[WhiteElo "2229"]
[BlackElo "2286"]
[EventDate "2008.02.01"]

1. Nf3 d6 2. d4 f5 3. c4 Nf6 4. Nc3 g6 5. g3 Bg7 6. Bg2 O-O 7. O-O c6 8.
Rb1 Qe8 9. d5 Bd7 10. b4 Na6 11. dxc6 Bxc6 12. Qb3 Kh8 13. Bb2 Rc8 14. Rbc1
e5 15. Rfd1 Bxf3 16. exf3 Qe7 17. Nb5 Rcd8 18. Nxa7 Nc7 19. Nb5 Ne6 20. Rc2
f4 21. Rcd2 Ne8 22. Re1 Ng5 23. c5 dxc5 24. Rxd8 Qxd8 25. bxc5 e4 26. fxe4
f3 27. Bxg7+ Nxg7 28. h4 fxg2 29. hxg5 Qd2 30. Qe3 Qxa2 31. Kxg2 Qb2 32.
Nd6 Ne6 33. Re2 Qb4 34. Rc2 Kg8 35. Qc3 Qa4 36. Qc4 Qxc4 37. Rxc4 Rb8 38.
f4 Kf8 39. c6 bxc6 40. Rxc6 Rb2+ 41. Kh3 Ke7 42. Rb6 Rd2 43. e5 Rd3 44. Kg2
Nc5 45. Rc6 Nd7 46. Ne4 Nf8 47. Rc7+ 1-0